Bundesländer Hauptstädte rückwärts schreiben - Statistiken

Allgemein
  • Dieses Quiz wurde 142 mal gespielt
  • Das Durchschnittsergebnis liegt bei 13 aus 16
Antwortstatistiken
Landeshauptstadt % Korrekt
Berlin
94%
Bremen
91%
Kiel
90%
München
89%
Hamburg
88%
Dresden
86%
Erfurt
83%
Hannover
83%
Mainz
83%
Stuttgart
83%
Düsseldorf
81%
Magdeburg
77%
Potsdam
77%
Saarbrücken
76%
Wiesbaden
75%
Schwerin
72%
Keine übereinstimmenden Quizze gefunden
Verteilung der Resultate
Anzahl Personen mit jedem Resultat
Perzentil nach korrekt beantworteten Fragen
Ihre Resultats-Entwicklung
Sie haben dieses Quiz noch nicht gespielt